000
00334nam a2200145Ia 4500
005
20251222152021.0
008
251222s9999||||xx |||||||||||||| ||spa||
020
_a
8497595017
082
_a
813.54/A81
100
_a
Asimov, Isaac
245
0
_a
Fundación e Imperio
250
_a
2da. ed.
264
_b
Bruguera, S.A.
942
_c
LIB
999
_c
25273
_d
25273